LIBRARY & INFORMATION CENTRE, KCAET, TAVANUR

ONLINE PUBLIC ACCESS CATALOGUE (OPAC)

Constitution of india / (Record no. 3053)

MARC details
000 -LEADER
fixed length control field 00389cam a2200157ua 4500
020 ## - INTERNATIONAL STANDARD BOOK NUMBER
ISBN 81 219 1025 0
041 ## - LANGUAGE CODE
Language code of text/sound track or separate title eng
082 ## - DEWEY DECIMAL CLASSIFICATION NUMBER
Classification number 842.02954
Item number MAH/CON
100 ## - MAIN ENTRY--AUTHOR NAME
Personal name Mahajan, V D .
245 ## - TITLE STATEMENT
Title Constitution of india /
260 ## - PUBLICATION, DISTRIBUTION, ETC. (IMPRINT)
Place of publication New Delhi :
Name of publisher S.Chand & Sons ,
Year of publication 1995.
300 ## - PHYSICAL DESCRIPTION
Number of Pages 570 ; .
942 ## - ADDED ENTRY ELEMENTS (KOHA)
Koha item type Books
Holdings
Withdrawn status Lost status Damaged status Home library Current library Date acquired Full call number Accession Number Koha item type
      KAUAET KAUAET 07/04/2012 842.02954 19401 Books
free website counter